| 000 | 00946nam a22002417a 4500 | ||
|---|---|---|---|
| 999 |
_c19613 _d19613 |
||
| 003 | AR-CdUCM | ||
| 008 | 190518b ||||| |||| 00| 0 spa d | ||
| 040 |
_aMUNICIPALIDAD PROVINCIAL DEL CUSCO _cBIBLIOTECA MUNICIPAL DEL CUSCO |
||
| 082 |
_a621.31 / _bM23 |
||
| 100 |
_aMatsch, Leander _941052 |
||
| 245 | _aMaquinas electromecánicas y electromagnéticas / | ||
| 260 |
_aMéxico : _bLitográfica Ingramex, _c1974. |
||
| 300 |
_a524 paginas ; _bIlustraciones, diagramas, _c23 cm. |
||
| 505 | _aContenido : Fuerza en un capacitor -- El toroide -- Inductancia propia -- Potencia compleja -- El transformador --Maquinas de corriente directa... | ||
| 650 |
_aGeneradores _941053 |
||
| 650 |
_aMotor _920615 |
||
| 650 |
_aEmbobinado _941054 |
||
| 650 |
_aCarga balanceada _941055 |
||
| 700 |
_aVargas Sierra, Juan (Traducción) _941056 |
||
| 710 |
_aCentro Regional de Ayuda Técnica _910048 |
||
| 942 |
_2ddc _cLIBROS |
||
| 945 |
_awnts _d2019-05-18 |
||